[Event "Budapest FS08 IM"]
[Site "Budapest"]
[Date "1996.??.??"]
[Round "4"]
[White "Antal, Gergely"]
[Black "Anka, Emil"]
[Result "0-1"]
[WhiteElo "2195"]
[BlackElo "2400"]

1.e4 c5 2.Nf3 Nc6 3.d4 cxd4 4.Nxd4 Nf6 5.Nc3 d6 6.Bg5 e6 7.Qd2 a6 8.f3 h6
9.Be3 Be7 10.O-O-O Nxd4 11.Qxd4 b5 12.Qb6 O-O 13.Qxd8 Rxd8 14.a4 b4 15.Na2 d5
16.Bb6 Rf8 17.e5 Nd7 18.Ba5 Nxe5 19.Bxb4 Bg5+ 20.Kb1 Re8 21.Bd6 Bf6 22.Nb4 Bb7
23.Be2 a5 24.f4 Nc4 25.Bxc4 dxc4 26.Na2 Bxg2 27.Rhg1 Bc6 28.Be5 Bxe5 29.fxe5 Red8
30.Nc3 Rab8 31.Rxd8+ Rxd8 32.Rg4 Bd5 33.Nb5 Bf3 34.Rf4 Rd1+ 35.Ka2 Bd5 36.c3 Re1
37.Nd6 Rxe5 38.Rxf7 Rh5 39.Rf2 Rh3 40.Kb1 h5 41.Kc2 Rh4 42.Kd2 Kh7 43.Nf7 Kg6
44.Ne5+ Kg5 45.Kd1 Rf4 46.Nf7+ Kf5 47.Rd2 g5 48.Ke1 g4 49.Re2 h4 50.Re3 Kf6
51.Nd6 Bc6 52.Ke2 Ke7 53.Nb5 Bf3+ 54.Ke1 g3 55.hxg3 hxg3 56.Kf1 g2+ 57.Kg1 Bc6
58.Re1 Rh4 59.Kf2 Rh1 60.Rg1 e5 61.Na7 Bb7 62.Rxg2 Bxg2 63.Kxg2 Rb1 64.Nc6+ Kd6
65.Nxa5 Rxb2+ 66.Kf3 Kd5  0-1

[Event "Budapest FS02 GM"]
[Site "Budapest"]
[Date "1996.??.??"]
[Round "5"]
[White "Enders, Peter"]
[Black "Varga, Zoltan"]
[Result "1/2-1/2"]
[WhiteElo "2495"]
[BlackElo "2540"]

1.e4 c5 2.Nf3 Nc6 3.d4 cxd4 4.Nxd4 Nf6 5.Nc3 d6 6.Bg5 e6 7.Qd2 Be7 8.O-O-O O-O
9.h4 h6 10.f4 Nxd4 11.Qxd4 hxg5 12.hxg5 Ng4 13.Be2 e5 14.Qg1 exf4 15.Bxg4 Bxg4
16.Qh2 f5 17.g6 Bh4 18.Rd4 fxe4 19.Rxe4 Bh5 20.Qxh4 Qxh4 21.Rxh4 Bxg6 22.Rexf4 Rac8
23.Kd2 Rc5 24.Rxf8+ Kxf8 25.Rh8+ Kf7 26.Rb8 b6 27.Rb7+ Kf6 28.Rxa7 Rg5 29.Rd7 Rxg2+
30.Ke3 Ke5 31.Re7+ Kf5 32.Ne2 Kf6 33.Rd7 Bxc2 34.Rxd6+ Ke5 35.Rxb6 g5 36.Rb5+ Kf6
37.Rd5 Rh2 38.Rd2 Rh3+ 39.Kd4 Bf5 40.b4 Rh2 41.b5 Bg4 42.b6 Bxe2 43.Kc5 g4
44.Kd6 g3 45.b7 Bf3 46.b8=Q Rxd2+ 47.Kc5 g2 48.Qg3 Rd5+ 49.Kb6 Rf5 50.Qd6+  1/2-1/2

[Event "Spring op"]
[Site "Budapest"]
[Date "1996.??.??"]
[Round "5"]
[White "Cao Sang"]
[Black "Riegler, Primoz"]
[Result "1/2-1/2"]
[WhiteElo "2455"]
[BlackElo "2305"]

1.e4 c5 2.Nf3 Nc6 3.d4 cxd4 4.Nxd4 Nf6 5.Nc3 d6 6.Bg5 e6 7.Qd2 a6 8.O-O-O Bd7
9.f4 Be7 10.Nf3 b5 11.Bxf6 gxf6 12.Kb1 Qb6 13.Bd3 b4 14.Ne2 a5 15.f5 Qc5
16.Nf4 a4 17.Rc1 Ne5 18.Nxe5 Qxe5 19.c4 Bd8 20.Rhf1 Ba5 21.Qe2 Ke7 22.g4 Rhg8
23.h3 Bb6 24.Nh5 Raf8 25.Qd2 Qd4 26.Rf3 Bc6 27.Qe2 a3 28.b3 Qe5 29.Rcf1 Qc3
30.Rc1 Qe5 31.Rcf1 Qc3 32.Rc1 Qe5  1/2-1/2

[Event "Budapest FS03 IM"]
[Site "Budapest"]
[Date "1996.??.??"]
[Round "6"]
[White "Molnar, Bela"]
[Black "Jovanovic, Sasa D"]
[Result "1-0"]
[WhiteElo "2360"]
[BlackElo "2300"]

1.e4 c5 2.Nf3 d6 3.d4 cxd4 4.Nxd4 Nf6 5.Nc3 Nc6 6.Bg5 e6 7.Qd2 a6 8.O-O-O h6
9.Be3 Be7 10.f3 Nxd4 11.Qxd4 Qa5 12.Kb1 e5 13.Qd2 Be6 14.Qf2 Qc7 15.g4 b5
16.h4 Qc6 17.Qd2 Rc8 18.Rh2 Nd7 19.Nd5 Bxd5 20.exd5 Qc7 21.g5 hxg5 22.hxg5 Rxh2
23.Qxh2 g6 24.f4 Bf8 25.Bh3 exf4 26.Bd4 Qc4 27.b3 Qxd5 28.Qe2+ Kd8 29.Bf6+ Nxf6
30.gxf6 Qc6 31.Bxc8 Kxc8 32.Qg4+ Kb7 33.Qxf4 d5 34.Qe5 Bd6 35.Qxd5 Qxd5 36.Rxd5 Kc6
37.c4 Bf4 38.a4 bxa4 39.bxa4 g5 40.Kc2 Be3 41.Rd8 Bf2 42.Rg8 Bd4 43.Rxg5 Bxf6
44.Rf5 Bh4 45.Rxf7 a5 46.Rf5 Be1 47.Kd3  1-0

[Event "Budapest FS11 GM"]
[Site "Budapest"]
[Date "1996.??.??"]
[Round "7"]
[White "Fogarasi, Tibor"]
[Black "Cao Sang"]
[Result "1/2-1/2"]
[WhiteElo "2505"]
[BlackElo "2445"]

1.e4 c5 2.Nf3 Nc6 3.d4 cxd4 4.Nxd4 Nf6 5.Nc3 d6 6.Bg5 e6 7.Qd2 a6 8.O-O-O h6
9.Be3 Bd7 10.f3 Qc7 11.g4 b5 12.Nxc6 Bxc6 13.Rg1 d5 14.e5 Nd7 15.f4 Nc5 16.Ne2 Ne4
17.Qe1 h5 18.h3 hxg4 19.hxg4 Rc8 20.Nd4 Bd7 21.Bd3 Nc5 22.Rh1 Rxh1 23.Qxh1 b4
24.Kb1 Ba4 25.Rc1 Qb8 26.Nb3 Bxb3 27.axb3 Nxd3 28.cxd3 Rxc1+ 29.Qxc1 Kd7
30.Bc5 Bxc5 31.Qxc5 g6 32.Ka2 Qb7 33.Qf8 Kc6 34.d4 a5 35.Qd6+ Kb5 36.Kb1 Qc6
37.Qe7 a4 38.bxa4+ Kc4 39.Qc5+ Qxc5 40.dxc5 Kxc5 41.Kc2 Kc4 42.b3+ Kd4 43.g5 Kc5  1/2-1/2

[Event "Budapest FS02 IM"]
[Site "Budapest"]
[Date "1996.??.??"]
[Round "7"]
[White "Turzo, Attila"]
[Black "Kiss, Gedeon"]
[Result "1/2-1/2"]
[WhiteElo "2360"]
[BlackElo "2130"]

1.e4 c5 2.Nf3 Nc6 3.d4 cxd4 4.Nxd4 Nf6 5.Nc3 d6 6.Bg5 e6 7.Qd2 a6 8.O-O-O h6
9.Bf4 Bd7 10.Nxc6 Bxc6 11.f3 d5 12.Qe1 Bb4 13.a3 Ba5 14.Bd2 Rc8 15.e5 Nd7
16.Qg3 g6 17.f4 b5 18.Ne2 Bxd2+ 19.Rxd2 Nc5 20.Qe3 Bd7 21.Nd4 Qb6 22.h4 h5
23.Rh3 b4 24.axb4 Ne4 25.Rd1 Qxb4 26.Qa3 a5 27.Rb3 Qe7 28.Qxe7+ Kxe7 29.Rb7 Rhd8
30.Ra7 Ra8 31.Rxa8 Rxa8 32.Bd3 Nc5 33.Kd2 Rb8 34.Rb1 Rb4 35.c3 Rb7 36.b4 axb4
37.cxb4 Nxd3 38.Kxd3 Kd8 39.g3 Kc7 40.Rc1+ Kb6 41.Rc5  1/2-1/2

[Event "Spring op"]
[Site "Budapest"]
[Date "1996.??.??"]
[Round "7"]
[White "Kovacs, Gabor"]
[Black "Besztercsenyi, Tibor"]
[Result "1/2-1/2"]
[WhiteElo "2190"]
[BlackElo "2310"]

1.e4 c5 2.Nf3 d6 3.d4 cxd4 4.Nxd4 Nf6 5.Nc3 Nc6 6.Bg5 e6 7.Qd2 a6 8.O-O-O Be7
9.f4 h6 10.Bh4 g5 11.fxg5 Ng4 12.Be2 Nge5 13.Kb1 Bd7 14.Nf3 Nxf3 15.gxf3 hxg5
16.Bg3 Ne5 17.Bf2 Qc7 18.Be3 f6 19.Qd4 Qc5 20.Qd2 Qc6 21.Qd4 b5 22.f4 gxf4
23.Bxf4 Qb7 24.Rdg1 O-O-O 25.Rg7 Bf8 26.Rg3 Bc6 27.a3 Nd7 28.Qf2 f5 29.Rd1 Nc5
30.exf5 exf5 31.Bg5 Be7 32.Qxf5+ Bd7 33.Qf2 Bxg5 34.Rxg5 Bc6 35.Qg3 Qe7 36.Rg7 Qe5
37.Rg6 Qxg3 38.hxg3 Kc7 39.Rg7+ Rd7 40.Rxd7+ Kxd7 41.Nd5 Bxd5 42.Rxd5 Rh1+
43.Rd1 Rh2 44.Bg4+ Kc6 45.Bf3+ Kc7 46.Bd5 Nd7 47.Kc1 Nf6 48.Bf3 Rf2 49.Rd3 Rf1+
50.Kd2 Rg1 51.Ba8 Nh5 52.Rc3+ Kb8 53.Bf3  1/2-1/2

[Event "Budapest FS06 IM"]
[Site "Budapest"]
[Date "1996.??.??"]
[Round "8"]
[White "Joecks, Christian"]
[Black "Grabics, Monika"]
[Result "1-0"]
[WhiteElo "2380"]
[BlackElo "2225"]

1.e4 c5 2.Nf3 Nc6 3.d4 cxd4 4.Nxd4 Nf6 5.Nc3 d6 6.Bg5 e6 7.Qd2 a6 8.O-O-O Bd7
9.f4 b5 10.Bxf6 gxf6 11.Kb1 Qb6 12.Nxc6 Bxc6 13.Qe1 Be7 14.Bd3 b4 15.Ne2 a5
16.f5 Qc5 17.fxe6 fxe6 18.Nf4 Qe5 19.Rf1 a4 20.Qxb4 d5 21.Qb6 Bd7 22.Bb5 Bxb5
23.Qxb5+ Kf8 24.Qc6 Rb8 25.Nd3 Qd4 26.exd5 e5 27.Rxf6+ Kg7 28.Rdf1 Rxb2+
29.Nxb2 Rb8 30.Rf7+ Kg8 31.c3 Qd2 32.Rf8+ Rxf8 33.Qe6+ Kh8 34.Qxe5+ Kg8 35.Qe6+ Kh8
36.Rxf8+ Bxf8 37.Qf6+ Kg8 38.Qd4 Qxg2 39.Qxa4 Qxh2 40.Qd1 Qe5 41.Qd3 h5 42.Nc4 Qb8+
43.Kc1 Bh6+ 44.Kd1 Qf4 45.d6 Bg5 46.d7 Kf7 47.Qd5+ Kf6 48.Qd6+ Kf5 49.Qf8+ Kg4
50.d8=Q Qc1+ 51.Ke2 Bxd8 52.Qxd8 Qc2+ 53.Qd2 Qe4+ 54.Ne3+ Kg3 55.Qd6+ Kh3
56.Qd5 Qe8 57.Qf5+ Kh4 58.Qf4+ Kh3 59.Kf2 Qg6 60.Qf5+ Qxf5+ 61.Nxf5 Kg4 62.Ne3+ Kh3
63.a4  1-0

[Event "Budapest FS09 IM"]
[Site "Budapest"]
[Date "1996.??.??"]
[Round "8"]
[White "Kiss, Gedeon"]
[Black "Gara, Anita"]
[Result "0-1"]
[WhiteElo "2190"]
[BlackElo "2235"]

1.e4 c5 2.Nf3 d6 3.d4 cxd4 4.Nxd4 Nf6 5.Nc3 Nc6 6.Bg5 e6 7.Qd2 a6 8.O-O-O h6
9.Be3 Be7 10.f3 Nxd4 11.Bxd4 b5 12.Kb1 Qa5 13.Qf2 Rb8 14.e5 dxe5 15.Bxe5 Rb7
16.Qg3 Nh5 17.Qg4 b4 18.Rd5 Qb6 19.Bd4 Qc6 20.Rxh5 bxc3 21.Bxc3 Qxc3 22.Bb5+ Rxb5
23.Rxb5 Qf6 24.Rb8 O-O 25.Qc4 Bd7 26.Rxf8+ Bxf8 27.Qxa6 Qg5 28.g3 Qd5 29.Qd3 Qb7
30.a3 Be7 31.c4 Bc6 32.Rf1 Bf6 33.b4 e5 34.Ka2 e4 35.fxe4 Bxe4 36.Qb3 Qd7
37.Rd1 Qh3 38.Rd2 Qf1 39.Rb2 Bd3  0-1

[Event "Budapest FS06 GM"]
[Site "Budapest"]
[Date "1996.??.??"]
[Round "8"]
[White "Bezgodov, Alexei"]
[Black "Tseitlin, Mikhail S"]
[Result "1/2-1/2"]
[WhiteElo "2485"]
[BlackElo "2425"]

1.e4 c5 2.Nf3 Nc6 3.d4 cxd4 4.Nxd4 Nf6 5.Nc3 d6 6.Bg5 Qb6 7.Nb3 e6 8.Bxf6 gxf6
9.Qh5 Bd7 10.Be2 Be7 11.O-O Nd4 12.Bd3 a6 13.Kh1 Nxb3 14.axb3 Qc5 15.Qe2 h5
16.Bb5 Bxb5 17.Nxb5 Rc8 18.Nc3 h4 19.f4 h3 20.g3 Rc6 21.f5 Qe5 22.Qd3 Bd8
23.Rf3 Rg8 24.Raf1 Rg4 25.Rf4 Rg5 26.Nd1 Qc5 27.Ne3 b5 28.c3 b4 29.fxe6 fxe6
30.Ng4 Rxg4 31.Rxg4 bxc3 32.e5 Qxe5 33.Re4 Qb5 34.Rxe6+ Kd7 35.Qxb5 axb5
36.Re2 Bb6 37.bxc3 Rxc3 38.Re4 Rxb3 39.Rh4 b4 40.Rxh3 Bd4 41.Rh7+ Kc6 42.Rh8 Rd3
43.Rb8 Kc5 44.Rb1 Bc3 45.Kg2 Rd2+ 46.Kh1 d5 47.h4 Re2 48.h5 Re5 49.Rh8 Rg5
50.h6 f5 51.Rc8+ Kd6 52.Kg2 f4 53.h7 Rh5 54.h8=Q Rxh8 55.Rxh8 Bxh8 56.Rxb4  1/2-1/2

[Event "Budapest FS06 IM"]
[Site "Budapest"]
[Date "1996.??.??"]
[Round "8"]
[White "Schlusnik, Nandor"]
[Black "Bakre, Tejas"]
[Result "1-0"]
[WhiteElo "2225"]
[BlackElo "2230"]

1.e4 c5 2.Nf3 d6 3.d4 cxd4 4.Nxd4 Nf6 5.Nc3 Nc6 6.Bg5 e6 7.Qd2 Be7 8.O-O-O O-O
9.Nb3 Qb6 10.f3 Rd8 11.g4 d5 12.exd5 Nxd5 13.Bxe7 Ndxe7 14.Bd3 e5 15.Qe2 Be6
16.Qe4 Ng6 17.Bc4 Bxc4 18.Qxc4 Nd4 19.Nxd4 exd4 20.Nd5 Qa5 21.Rxd4 Rac8 22.Qb3 Qc5
23.Rhd1 Re8 24.R4d3 h6 25.Qc3 Qd6 26.Qd2 Ne5 27.Re3 Qa6 28.Kb1 Nc4 29.Rxe8+ Rxe8
30.Qd3 Qb5 31.b3 Na3+ 32.Kb2 Qxd3 33.Rxd3 Nb5 34.a4 Nd6 35.Nf6+ gxf6 36.Rxd6 Re3
37.Rxf6 Kg7 38.Rf5 Kg6 39.h4 f6 40.h5+ Kf7 41.b4 Ke6 42.c3 b6 43.Kb3 a6 44.Kc4 Re1
45.a5 b5+ 46.Kc5 Rd1 47.Kb6 Rd6+ 48.Kb7 Ke7 49.Rc5 Rd3 50.Kxa6 Rxf3 51.Kxb5  1-0

[Event "Budapest FS11 GM"]
[Site "Budapest"]
[Date "1996.??.??"]
[Round "9"]
[White "Estrada Nieto, Julian"]
[Black "Rohl, Juan"]
[Result "1/2-1/2"]
[WhiteElo "2360"]
[BlackElo "2395"]

1.e4 c5 2.Nf3 d6 3.d4 cxd4 4.Nxd4 Nf6 5.Nc3 Nc6 6.Bg5 e6 7.Qd2 a6 8.O-O-O h6
9.Bf4 Bd7 10.Nxc6 Bxc6 11.f3  1/2-1/2

[Event "Budapest FS03 GM"]
[Site "Budapest"]
[Date "1996.??.??"]
[Round "10"]
[White "Tolnai, Tibor"]
[Black "Videki, Sandor"]
[Result "0-1"]
[WhiteElo "2450"]
[BlackElo "2460"]

1.e4 c5 2.Nf3 d6 3.d4 cxd4 4.Nxd4 Nf6 5.Nc3 Nc6 6.Bg5 a6 7.Bxf6 gxf6 8.Nb3 h5
9.Be2 h4 10.Bg4 e6 11.f4 Qb6 12.Qe2 Bd7 13.O-O-O O-O-O 14.Kb1 Kb8 15.Rhf1 Bc8
16.Bh3 Qc7 17.f5 Qe7 18.a3 Bh6 19.Nd4 Ne5 20.fxe6 fxe6 21.Na4 d5 22.Nb6 Rd6
23.Nxc8 Rxc8 24.exd5 Rxd5 25.Qe4 Rd6 26.Nf3 Nxf3 27.gxf3 Rb6 28.Rd3 f5 29.Qe5+ Ka8
30.Rg1 Bg5 31.Qd4 Rbc6 32.c3 Bf6 33.Qd7 Qc5 34.Re1 Qb6  0-1

[Event "Budapest FS02 IM"]
[Site "Budapest"]
[Date "1996.??.??"]
[Round "13"]
[White "Kiss, Gedeon"]
[Black "Arnold, Johannes"]
[Result "0-1"]
[WhiteElo "2130"]
[BlackElo "2190"]

1.e4 c5 2.Nf3 Nc6 3.d4 cxd4 4.Nxd4 Nf6 5.Nc3 d6 6.Bg5 e6 7.Qd2 a6 8.O-O-O Bd7
9.f4 b5 10.Nxc6 Bxc6 11.Qe1 Be7 12.e5 Nd5 13.Bxe7 Qxe7 14.Ne4 dxe5 15.fxe5 O-O
16.Bd3 Nf4 17.Rf1 Ng6 18.Qg3 Qh4 19.Qe3 Nxe5 20.Ng5 Nxd3+ 21.Rxd3 h6 22.Nf3 Bxf3
23.Qxf3 Rad8 24.Rxd8 Qxd8 25.Rd1 Qg5+ 26.Kb1 Rd8 27.Rf1 f6 28.a3 Qd5 29.Qg3 Qc4
30.Qf2 e5 31.Re1 a5 32.Qe3 a4 33.h3 Qd4 34.Qg3 Qd2 35.Rc1 e4 36.Qg4 e3 37.Qb4 Qxb4
38.axb4 e2  0-1

[Event "Bissell op"]
[Site "Buenos Aires"]
[Date "1996.??.??"]
[Round "5"]
[White "Ginzburg, Maximiliano"]
[Black "German, Gustavo"]
[Result "1/2-1/2"]
[WhiteElo "2405"]
[BlackElo "2440"]

1.e4 c5 2.Nf3 Nc6 3.d4 cxd4 4.Nxd4 Nf6 5.Nc3 d6 6.Bg5 Bd7 7.Qd2 Rc8 8.f4 h6
9.Bxf6 gxf6 10.O-O-O Nxd4 11.Qxd4 Qa5 12.f5 Qc5 13.Kb1 h5 14.h4 Rh6 15.Be2 e6
16.g4 hxg4 17.Bxg4 Qxd4 18.Rxd4 Rc5 19.h5 Re5 20.Rf1 Bc6 21.a3 Ke7 22.b4 Rh8
23.Be2 Bh6 24.b5 Be8 25.a4 Rc5 26.Kb2 Bd7 27.Kb3 Rhc8 28.Rc4 exf5 29.exf5 Rxf5
30.Rxf5 Bxf5 31.Nd5+ Kf8 32.Rxc8+ Bxc8 33.Nxf6 Bg7 34.Nd5 f5 35.a5 Be6 36.Kc4 b6
37.a6 Kf7 38.Bf3 Bh8 39.h6 Kg6 40.Kd3 Bxd5 41.Bxd5 Kxh6 42.Kc4 Kg5 43.Be6 Kf6
44.Kd5 Ke7 45.Bxf5 Be5 46.c4 Bg3 47.Bh3 Kd8 48.Kc6 Bf4 49.Kb7 Bg3 50.Kxa7 Kc7
51.Ka8  1/2-1/2

[Event "Cairo op"]
[Site "Cairo"]
[Date "1996.??.??"]
[Round "5"]
[White "El Taher, Fouad"]
[Black "Mohamed, Esam Ahmed Nagib"]
[Result "1/2-1/2"]
[WhiteElo "2445"]
[BlackElo "2355"]

1.e4 c5 2.Nf3 d6 3.d4 cxd4 4.Nxd4 Nc6 5.Nc3 Nf6 6.Bg5 e6 7.Qd2 Be7 8.O-O-O O-O
9.f4 h6 10.Bh4 Nxe4 11.Bxe7 Nxd2 12.Bxd8 Nxf1 13.Nxc6 bxc6 14.Be7 Re8 15.Rhxf1 Rxe7
16.Rxd6 Bb7 17.Re1 c5 18.g3 Kf8 19.Re5 Rc8 20.Na4 Rec7 21.c4 Ke7 22.Rd2 f6
23.Re3 Rd7 24.Rde2 Rd6 25.b3 g5 26.Kc2 g4 27.Kc3 Bf3 28.Re1 Rdc6 29.h3 R8c7
30.a3 h5 31.Nb2 a5 32.h4 Ra6 33.Nd3 Kd7 34.Rb1 Rac6 35.Rb2 Ra6 36.Rd2 Rd6
37.Rb2 Bb7 38.Rbe2 Ba6 39.Nb2 Rc8 40.Na4 Rcc6 41.Re1 Rc7 42.R1e2 Rcc6 43.Kc2 Ke7
44.Kc3 Rc7 45.Rb2 Rcc6 46.Rbe2  1/2-1/2

[Event "Cairo op"]
[Site "Cairo"]
[Date "1996.??.??"]
[Round "7"]
[White "Yasseen, Aly"]
[Black "Mohamed, Esam Ahmed Nagib"]
[Result "0-1"]
[WhiteElo "2350"]
[BlackElo "2355"]

1.e4 c5 2.Nf3 d6 3.d4 cxd4 4.Nxd4 Nf6 5.Nc3 Nc6 6.Bg5 e6 7.Qd2 a6 8.O-O-O h6
9.Be3 Ng4 10.Nxc6 bxc6 11.Bc5 d5 12.Bxf8 Kxf8 13.h3 Nf6 14.Bc4 a5 15.exd5 cxd5
16.Bb3 Bd7 17.a4 Rb8 18.g4 Qc7 19.Kb1 Rb4 20.f3 g6 21.Rhf1 Qf4 22.Qf2 Kg7
23.Qa7 Bc6 24.Qxa5 Qd6 25.Qa7 d4 26.Ne4 Nxe4 27.fxe4 Bb7 28.Bc4 Rd8 29.Rf3 Rd7
30.Rb3 Rxb3 31.Bxb3 Bxe4 32.Qa5 Bg2 33.Rd3 e5 34.Rg3 Bb7 35.g5 hxg5 36.Rxg5 Re7
37.h4 e4 38.h5 e3 39.hxg6 fxg6 40.Bc4 Be4 41.Qe1 d3 42.cxd3 Bxd3+ 43.Bxd3 Qxd3+
44.Ka2 e2 45.Rg1 Qd4 46.Rg3 Qxa4+ 47.Ra3 Qc4+ 48.Ka1 Rd7  0-1

[Event "Cairo op"]
[Site "Cairo"]
[Date "1996.??.??"]
[Round "10"]
[White "Elsayed, Moustafa"]
[Black "El Ghazali, Youssef M"]
[Result "1-0"]
[WhiteElo "2180"]
[BlackElo "2275"]

1.e4 c5 2.Nf3 Nc6 3.d4 cxd4 4.Nxd4 Nf6 5.Nc3 d6 6.Bg5 e6 7.Qd2 a6 8.O-O-O h6
9.Be3 Be7 10.f4 Bd7 11.Bd3 b5 12.Rde1 b4 13.Nce2 Nxd4 14.Nxd4 e5 15.fxe5 dxe5
16.Nf3 Be6 17.b3 Qc7 18.Kb1 Nd7 19.g4 Bxg4 20.Qg2 Bxf3 21.Qxf3 Bf6 22.Rhg1 Nc5
23.Bc4 Na4 24.Bd2 Rd8 25.Bxb4 Rb8 26.c3 a5 27.Qd3 axb4 28.bxa4 bxc3+ 29.Bb5+ Ke7
30.Rc1 Rhc8 31.Rg3 Qa5 32.Rxc3 Qb4+ 33.Ka1 Qd4 34.Qc2 Rxc3 35.Rxc3 Rc8 36.Kb2 Bh4
37.Kb3 Be1 38.Rc7+ Rxc7 39.Qxc7+ Kf6 40.Qc6+ Kg5 41.Qc1+ Bd2 42.Qc4 Qg1 43.Qe2 Qb1+
44.Kc4 Qc2+ 45.Kd5 Qxa2+ 46.Bc4 Qb2 47.Qg2+ Kf6 48.Qf2+ Ke7 49.Kc6 f6 50.Qa7+  1-0

[Event "Calcutta op"]
[Site "Calcutta"]
[Date "1996.??.??"]
[Round "1"]
[White "Shetty, Rahul"]
[Black "Bakre, Tejas"]
[Result "1/2-1/2"]
[WhiteElo "2390"]
[BlackElo "2170"]

1.e4 c5 2.Nf3 d6 3.d4 cxd4 4.Nxd4 Nf6 5.Nc3 Nc6 6.Bg5 e6 7.Qd2 Be7 8.O-O-O Nxd4
9.Qxd4 O-O 10.f4 Qa5 11.Bc4 Bd7 12.e5 dxe5 13.fxe5 Bc6 14.Bd2 Nd7 15.Nd5 Qd8
16.Nxe7+ Qxe7 17.Rhe1 Rfd8 18.Qg4 Nf8 19.Bd3 Rxd3 20.cxd3 Qd7 21.Bb4 Qd5
22.Bxf8 Rxf8 23.Kb1 Qxg2 24.Qxg2 Bxg2 25.Rd2 Bc6 26.d4 Rd8 27.b4 a6 28.Kb2 Kf8
29.Rc1 Rd7 30.Kb3 f5 31.exf6 gxf6 32.Rc5 Bd5+ 33.Kc3 f5 34.a4 f4 35.Rf2 Rf7
36.b5 axb5 37.axb5 Kg7 38.Kd3 Kg6 39.Rc1 f3 40.Ke3 Kg5 41.b6 h5 42.Rg1+ Kh4
43.Rg3 Rd7 44.Kf4 Rf7+ 45.Ke5 Rf5+ 46.Kd6 Rf4 47.Kc5 Rf8 48.Rg7 Rc8+ 49.Rc7 Rg8
50.Rf7 Kg4 51.Kd6 Rg5 52.Rf6 Rf5 53.Rxe6 Bxe6 54.Kxe6 Rb5 55.d5 Rxb6+ 56.d6 Kf4
57.Ra2 Ke3 58.Ra3+ Ke2 59.Ra2+ Kf1 60.Ra5 h4 61.Rh5 Kg2 62.Rxh4 f2 63.Rf4 Rb4
64.Rxb4 f1=Q 65.Rxb7 Qc4+ 66.Kd7 Kxh2 67.Rc7 Qb5+ 68.Kd8  1/2-1/2

[Event "Calcutta op"]
[Site "Calcutta"]
[Date "1996.??.??"]
[Round "3"]
[White "Mithrakanth, Poorna Sharma"]
[Black "Ramesh, RB."]
[Result "1-0"]
[WhiteElo "2360"]
[BlackElo "2415"]

1.e4 c5 2.Nf3 Nc6 3.d4 cxd4 4.Nxd4 Nf6 5.Nc3 d6 6.Bg5 e6 7.Qd2 a6 8.O-O-O h6
9.Be3 Qc7 10.f3 Rb8 11.g4 Ne5 12.g5 hxg5 13.Bxg5 b5 14.f4 b4 15.Ncb5 axb5
16.fxe5 Nxe4 17.Bxb5+ Rxb5 18.Nxb5 Qc5 19.Qf4 Qxb5 20.Qxe4 Bb7 21.Qe1 Bxh1
22.Qxh1 f6 23.Bf4 dxe5 24.Bg3 Kf7 25.Qa8 g6 26.Kb1 Rg8 27.b3 Bc5 28.Qf3 Bd4
29.Bh4 g5 30.Qh5+ Rg6 31.Qh7+ Rg7 32.Qh5+ Ke7 33.Qh8 Rf7 34.Be1 Qb7 35.Qg8 Rf8
36.Qg7+ Rf7 37.Qg8 Qb6 38.a3 bxa3 39.Ka2 Rf8 40.Qg7+ Rf7 41.Qg8 Qc7 42.Bb4+  1-0

[Event "Calcutta op"]
[Site "Calcutta"]
[Date "1996.??.??"]
[Round "5"]
[White "Joydev, Saha"]
[Black "Ramesh, RB."]
[Result "1/2-1/2"]
[WhiteElo "2135"]
[BlackElo "2415"]

1.e4 c5 2.Nf3 Nc6 3.d4 cxd4 4.Nxd4 Nf6 5.Nc3 d6 6.Bg5 e6 7.Qd2 a6 8.O-O-O h6
9.Be3 Qc7 10.f3 Rb8 11.g4 Ne5 12.h3 b5 13.f4 b4 14.Ncb5 axb5 15.fxe5  1/2-1/2

[Event "Calcutta op"]
[Site "Calcutta"]
[Date "1996.??.??"]
[Round "5"]
[White "Mithrakanth, Poorna Sharma"]
[Black "Sherbakov, Ruslan"]
[Result "0-1"]
[WhiteElo "2360"]
[BlackElo "2565"]

1.e4 c5 2.Nf3 Nc6 3.d4 cxd4 4.Nxd4 Nf6 5.Nc3 d6 6.Bg5 e6 7.Qd2 a6 8.O-O-O Bd7
9.f4 b5 10.Nxc6 Bxc6 11.Qe1 Be7 12.e5 Nd5 13.Bxe7 Qxe7 14.Ne4 dxe5 15.fxe5 O-O
16.Qg3 f5 17.exf6 Nxf6 18.Ng5 e5 19.Be2 Rae8 20.Rhe1 h6 21.Qb3+ Kh8 22.Nf3 Ng4
23.Rd2 Ba8 24.h3 e4 25.Bd1 Ne5 26.Nxe5 Qxe5 27.Qe3 a5 28.c3 b4 29.cxb4 axb4
30.Bb3 Rd8 31.Rxd8 Rxd8 32.Rd1 Rf8 33.Kb1 Bc6 34.Rc1 Bb5 35.Bc4 Bd7 36.Rd1 Ba4
37.Re1 Re8 38.Rf1 Bb5 39.Bxb5 Qxb5 40.Re1 Qd5 41.Rf1 Ra8 42.b3 Rd8 43.Rc1 Qd3+
44.Qxd3 Rxd3 45.Re1 Rd4 46.Rc1 Rd2 47.Re1 Rd4 48.Rc1 e3 49.Re1 Rd3 50.Re2 Kh7
51.Kc2 Rc3+ 52.Kb2 Kg6 53.a3 Kf5 54.axb4 Rd3 55.Rc2 Kf4 56.b5 Rd5 57.b6 Rb5
58.Kc3 Rxb6 59.Ra2 Rb7 60.Ra8 Re7 61.Ra1 Kg3  0-1

[Event "Calcutta op"]
[Site "Calcutta"]
[Date "1996.??.??"]
[Round "7"]
[White "Mithrakanth, Poorna Sharma"]
[Black "Annageldiev, Orazly"]
[Result "0-1"]
[WhiteElo "2360"]
[BlackElo "2485"]

1.e4 c5 2.Nf3 d6 3.d4 cxd4 4.Nxd4 Nf6 5.Nc3 Nc6 6.Bg5 e6 7.Qd2 a6 8.O-O-O Bd7
9.f4 h6 10.Bh4 Be7 11.Nf3 b5 12.Bd3 b4 13.Ne2 e5 14.f5 Qb6 15.Bxf6 gxf6 16.Bc4 a5
17.g4 a4 18.Kb1 Rc8 19.Bd5 Na5 20.b3 Nc6 21.Ne1 Na7 22.Nd3 Bb5 23.Rc1 h5
24.h3 axb3 25.cxb3 Rxc1+ 26.Nexc1 hxg4 27.Nf2 g3 28.Ng4 Qd4 29.Qxd4 exd4
30.Kc2 Nc6 31.Bc4 Bxc4 32.bxc4 Ne5 33.Nxe5 fxe5 34.Kb3 g2 35.Rg1 Rxh3+ 36.Kxb4 Rh1  0-1

[Event "Calcutta op"]
[Site "Calcutta"]
[Date "1996.??.??"]
[Round "8"]
[White "Neelotpal, Das"]
[Black "Ramesh, RB."]
[Result "0-1"]
[WhiteElo "2205"]
[BlackElo "2415"]

1.e4 c5 2.Nf3 Nc6 3.d4 cxd4 4.Nxd4 Nf6 5.Nc3 d6 6.Bg5 e6 7.Qd2 a6 8.O-O-O h6
9.Bf4 Bd7 10.Nb3 b5 11.f3 Ne5 12.Qf2 Be7 13.Kb1 Qc7 14.g4 O-O 15.h4 Rfc8
16.Bd3 b4 17.Ne2 a5 18.g5 a4 19.Nbd4 Nh5 20.Be3 b3 21.cxb3 axb3 22.a3 d5
23.gxh6 Bxa3 24.bxa3 Rxa3 25.Nc1 Nc4 26.Ndxb3 Ba4 27.Bxc4 Qxc4 28.Rd4 Rxb3+
29.Nxb3 Qxb3+ 30.Qb2 Qxe3 31.Rxa4 Qxf3 32.Rg1 g6 33.exd5 Qxd5 34.Ra7 Qf5+
35.Ka1 Kh7 36.Rc1 Rd8 37.Qc2 Qf6+ 38.Qc3 Qf2 39.Ra2 Qxh4 40.Rf1 Qe7 41.Qe3 Rd7
42.Ra8 f5 43.Re1 Qf6+ 44.Ka2 f4 45.Qe5 Qxe5 46.Rxe5 Rf7 47.Rxe6 f3 48.Ree8 Kxh6
49.Rf8 Rf6 50.Kb2 f2 51.Rxf6 Nxf6 52.Ra1 Ne4 53.Rf1 Kg5 54.Kc2 Kf4 55.Kd3 Kf3
56.Kd4 g5  0-1

[Event "Calcutta op"]
[Site "Calcutta"]
[Date "1996.??.??"]
[Round "10"]
[White "Satyapragyan, S."]
[Black "Lovlu, Saifuddi"]
[Result "1/2-1/2"]
[WhiteElo "2205"]
[BlackElo "2215"]

1.e4 c5 2.Nf3 Nc6 3.d4 cxd4 4.Nxd4 Nf6 5.Nc3 d6 6.Bg5 e6 7.Qd2 Bd7 8.Ndb5 Qa5
9.Bxf6 gxf6 10.Nxd6+ Bxd6 11.Qxd6 O-O-O 12.Qd2 Ne5 13.Bd3 Bc6 14.O-O-O Rhg8
15.f4 Nc4 16.Qe1 Qb4 17.Bxc4 Rxd1+ 18.Qxd1 Qxc4 19.Qh5 Bxe4 20.Qxf7 Rxg2
21.Qe8+ Kc7 22.Qe7+ Kc6 23.Qe8+ Kb6 24.Qd8+ Ka6 25.Qd6+ Bc6 26.Rd1 e5 27.fxe5 Qf4+
28.Kb1 Qxe5 29.Qd3+ Kb6 30.Qd8+ Ka6 31.Qd3+ Kb6 32.Qd8+ Ka6 33.Qd3+  1/2-1/2

[Event "Calcutta op"]
[Site "Calcutta"]
[Date "1996.??.??"]
[Round "11"]
[White "Ravi, Thandalam Shanmugam"]
[Black "Ramesh, RB."]
[Result "1-0"]
[WhiteElo "2345"]
[BlackElo "2415"]

1.e4 c5 2.Nf3 Nc6 3.d4 cxd4 4.Nxd4 Nf6 5.Nc3 d6 6.Bg5 e6 7.Qd2 a6 8.O-O-O h6
9.Bf4 Bd7 10.Nxc6 Bxc6 11.f3 d5 12.exd5 Nxd5 13.Nxd5 Qxd5 14.Qxd5 Bxd5 15.c4 Bxc4
16.Bxc4 Rc8 17.Rd4 b5 18.Kb1 bxc4 19.Rc1 Be7 20.Rdxc4 Rxc4 21.Rxc4 O-O 22.Rc7 Bf6
23.Ra7 Rd8 24.Rxa6 Rd1+ 25.Bc1 Rh1 26.Ra8+ Kh7 27.h3 Rh2 28.a4 Rxg2 29.a5 Rg3
30.a6 Bd4 31.Rd8 Bc5 32.Rd3 Rxh3 33.Be3 Rxf3 34.Bxc5 Rxd3 35.a7 Rd8 36.b4 h5
37.b5 h4 38.Be7 Rd1+ 39.Kb2 Rd5 40.a8=Q Rxb5+ 41.Kc2 g5 42.Qe4+  1-0

[Event "Calcutta op"]
[Site "Calcutta"]
[Date "1996.??.??"]
[Round "11"]
[White "Howell, James C"]
[Black "Sherbakov, Ruslan"]
[Result "1/2-1/2"]
[WhiteElo "2490"]
[BlackElo "2565"]

1.e4 c5 2.Nf3 Nc6 3.d4 cxd4 4.Nxd4 Nf6 5.Nc3 d6 6.Bg5 e6 7.Qd2 a6 8.O-O-O Bd7
9.f3 Qc7 10.Kb1 Be7 11.h4 b5 12.Bxb5 axb5 13.Ndxb5 Qb8 14.Nxd6+ Kf8 15.Bxf6 Bxf6
16.f4 Be7 17.e5 Bxd6 18.Qxd6+ Qxd6 19.Rxd6 Ke7 20.Rhd1 Ra7 21.Nb5 Rb7 22.R6d2 Rhb8
23.c4 f6 24.Nd6 Rc7 25.Nb5 Rcb7 26.Nd6 Rc7 27.Nb5  1/2-1/2

[Event "Cannes Martinez op"]
[Site "Cannes"]
[Date "1996.??.??"]
[Round "5"]
[White "Daillet, Emmanuel"]
[Black "Azariants, Evgeni"]
[Result "1-0"]
[WhiteElo "2285"]
[BlackElo "2180"]

1.e4 c5 2.Nf3 Nc6 3.d4 cxd4 4.Nxd4 Nf6 5.Nc3 d6 6.Bg5 e6 7.Qd2 a6 8.O-O-O h6
9.Be3 Be7 10.f3 Nxd4 11.Qxd4 Qa5 12.Qa4+ Qxa4 13.Nxa4 O-O 14.Nb6 Rb8 15.g4 Nd7
16.Nc4 Ne5 17.Nxe5 dxe5 18.Bb6 Bg5+ 19.Kb1 Bf4 20.Bc4 Kh8 21.Rd6 f5 22.h4 fxg4
23.fxg4 Bg3 24.g5 g6 25.gxh6 Kh7 26.a4 Rf4 27.h5 g5 28.Rg1 Bh4 29.Be3 b5
30.Bxf4 exf4 31.Bxe6 Bxe6 32.Rxe6 bxa4 33.Rg6 Rb5 34.Rd1 Rb7 35.e5 f3 36.e6 f2
37.Ka2 Rb4 38.Rd7+ Kh8 39.Rgg7 Rxb2+ 40.Kxb2 a3+ 41.Ka2  1-0

[Event "Cannes op"]
[Site "Cannes"]
[Date "1996.??.??"]
[Round "5"]
[White "Olivier, Jean Christophe"]
[Black "Santo Roman, Marc"]
[Result "1-0"]
[WhiteElo "2280"]
[BlackElo "2480"]

1.e4 c5 2.Nf3 Nc6 3.d4 cxd4 4.Nxd4 Nf6 5.Nc3 d6 6.Bg5 e6 7.Qd2 a6 8.O-O-O h6
9.Be3 Bd7 10.f4 b5 11.Bd3 Qc7 12.Rde1 Na5 13.e5 dxe5 14.fxe5 b4 15.Ne4 Nxe4
16.Bxe4 Nc4 17.Qf2 Rd8 18.Rhf1 Ba4 19.Bg6 fxg6 20.Nxe6 Qe7 21.Nxd8 Nxe3 22.Rxe3 Kxd8
23.Rf3 Ke8 24.Qb6 Qg5+ 25.Kb1 Be7 26.Qxa6 Bd7 27.e6 Bb5 28.Qc8+ Bd8 29.Rf7 Qd5
30.e7 Bxf1 31.exd8=Q+ Qxd8 32.Qe6+  1-0